ბათუმის შოთა რუსთაველის სახელმწიფო უნივერსიტეტის ბიბლიოთეკა

Городские подземные сети и коллекторы. (ბიბ.ჩანაწერი № 37890)

000 -LEADER
fixed length control field 00753nam a2200229Ia 4500
001 - CONTROL NUMBER
control field 3868
003 - CONTROL NUMBER IDENTIFIER
control field GE_BSU
008 - FIXED-LENGTH DATA ELEMENTS--GENERAL INFORMATION
fixed length control field 181216s||||||||xx |||||||||||||| ||und||
040 ## - CATALOGING SOURCE
Transcribing agency GE_BSU
080 ## - UNIVERSAL DECIMAL CLASSIFICATION NUMBER
Universal Decimal Classification number 625.78(075.8)
100 ## - MAIN ENTRY--PERSONAL NAME
Personal name Федоров,Н.Ф. Веселов,С.Ф.
245 ## - TITLE STATEMENT
Title Городские подземные сети и коллекторы.
245 ## - TITLE STATEMENT
Remainder of title Учебник для вузов.
245 ## - TITLE STATEMENT
Statement of responsibility, etc. Ред. Н.М.Борщевская, А.М.Шершукова.
260 ## - PUBLICATION, DISTRIBUTION, ETC.
Place of publication, distribution, etc. М.
260 ## - PUBLICATION, DISTRIBUTION, ETC.
Name of publisher, distributor, etc. Строийздат.
260 ## - PUBLICATION, DISTRIBUTION, ETC.
Date of publication, distribution, etc. 1972.
300 ## - PHYSICAL DESCRIPTION
Extent 304 стр. 22 см. 128 список лит.
300 ## - PHYSICAL DESCRIPTION
Accompanying material 58 табл.
653 ## - INDEX TERM--UNCONTROLLED
Uncontrolled term Городские подземные сети и коллекторы.
942 ## - ADDED ENTRY ELEMENTS (KOHA)
Koha item type წიგნი
ეგზემპლარები
Withdrawn status Lost status Damaged status Not for loan Date acquired Barcode Date last seen Price effective from Koha item type
        2018-12-17 9340 2018-12-17 2018-12-17 წიგნი